Statistiken für Flaggen, die am meisten Gelb beinhalten

Klicken Sie hier um das Quiz zu spielen!

Allgemein

  • Dieses Quiz wurde 430 mal gespielt
  • Das Durchschnittsergebnis liegt bei 7 aus 8

Antwortstatistiken

Answer % Korrekt
Spanien
99%
Ukraine
97%
Vatikanstadt
96%
Kolumbien
88%
Bhutan
87%
Ecuador
83%
Brunei
70%
St. Vincent und die Grenadinen
54%

Verteilung der Resultate

Perzentil nach korrekt beantworteten Fragen

Anzahl Personen mit jedem Resultat

Ihre Resultats-Entwicklung

Sie haben dieses Quiz noch nicht gespielt